[Event "GBR-ch84"]
[Site "Hove"]
[Date "1997.08.05"]
[Round "2"]
[White "Mah, Karl CC"]
[Black "Summerscale, Aaron P"]
[Result "1/2-1/2"]
[WhiteElo "2365"]
[BlackElo "2420"]
[PlyCount "41"]
[EventDate "1997.08.04"]
[EventType "swiss"]
[EventRounds "11"]
[EventCountry "GBR"]
[SourceTitle "BritBase"]
[Source "John Saunders"]
[SourceDate "2024.07.04"]
[SourceVersion "1"]
[SourceVersionDate "2024.07.04"]
[SourceQuality "1"]

1. d4 Nf6 2. Nf3 d6 3. g3 Nbd7 4. Bg2 e5 5. c4 Be7 6. O-O O-O 7. Nc3 c6 8. e4
a6 9. Re1 b5 10. cxb5 axb5 11. b4 Bb7 12. Qb3 Qb8 13. Bb2 Bd8 14. dxe5 dxe5 15.
a4 bxa4 16. Nxa4 Be7 17. Qc3 c5 18. Nxc5 Bxc5 19. bxc5 Nxe4 20. Qc2 Nexc5 21.
Nxe5 1/2-1/2

[Event "GBR-ch84"]
[Site "Hove"]
[Date "1997.08.05"]
[Round "2"]
[White "Morrison, Chris"]
[Black "Williams, Simon Kim"]
[Result "1-0"]
[WhiteElo "2195"]
[BlackElo "2310"]
[PlyCount "57"]
[EventDate "1997.08.04"]
[EventType "swiss"]
[EventRounds "11"]
[EventCountry "GBR"]
[SourceTitle "BritBase"]
[Source "John Saunders"]
[SourceDate "2024.07.04"]
[SourceVersion "1"]
[SourceVersionDate "2024.07.04"]
[SourceQuality "1"]

1. e4 e6 2. d4 d5 3. Nd2 Nf6 4. e5 Nfd7 5. f4 c5 6. c3 Nc6 7. Ndf3 Qb6 8. g3
Be7 9. Kf2 cxd4 10. cxd4 g5 11. fxg5 Ndxe5 12. Nxe5 Nxe5 13. Kg2 Nc6 14. Nf3
Bf8 15. b3 Bg7 16. Bb2 Bd7 17. Be2 O-O-O 18. Qd2 f6 19. Ba3 e5 20. gxf6 Bxf6
21. Bc5 Qc7 22. Qh6 e4 23. Qxf6 exf3+ 24. Bxf3 Qa5 25. Qf4 Qc3 26. Rhd1 h5 27.
Rac1 Qb2+ 28. Kg1 h4 29. Bxa7 1-0

[Event "GBR-ch84"]
[Site "Hove"]
[Date "1997.08.05"]
[Round "2"]
[White "Regan, Natasha K"]
[Black "Barnes, Michael H"]
[Result "0-1"]
[WhiteElo "2170"]
[BlackElo "2260"]
[PlyCount "44"]
[EventDate "1997.08.04"]
[EventType "swiss"]
[EventRounds "11"]
[EventCountry "GBR"]
[SourceTitle "BritBase"]
[Source "John Saunders"]
[SourceDate "2024.07.04"]
[SourceVersion "1"]
[SourceVersionDate "2024.07.04"]
[SourceQuality "1"]

1. e4 c5 2. d4 cxd4 3. c3 Nf6 4. e5 Nd5 5. Nf3 d6 6. exd6 Qxd6 7. Na3 Nc6 8.
Nxd4 e6 9. Nxc6 bxc6 10. Be2 Qc7 11. Qa4 Bc5 12. O-O O-O 13. Bd3 f5 14. Bd2 e5
15. Rae1 e4 16. Bb1 a5 17. c4 Nf6 18. g3 Ng4 19. Qd1 f4 20. Rxe4 Nxf2 21. Rxf2
fxg3 22. Rh4 Rxf2 0-1

[Event "GBR-ch84"]
[Site "Hove"]
[Date "1997.08.06"]
[Round "3"]
[White "Summerscale, Aaron P"]
[Black "Sadler, Matthew D"]
[Result "1-0"]
[WhiteElo "2420"]
[BlackElo "2665"]
[PlyCount "111"]
[EventDate "1997.08.04"]
[EventType "swiss"]
[EventRounds "11"]
[EventCountry "GBR"]
[SourceTitle "BritBase"]
[Source "John Saunders"]
[SourceDate "2024.07.04"]
[SourceVersion "1"]
[SourceVersionDate "2024.07.04"]
[SourceQuality "1"]

1. Nf3 Nf6 2. c4 g6 3. Nc3 Bg7 4. e4 d6 5. d4 O-O 6. Be2 e5 7. O-O Na6 8. Be3
Ng4 9. Bg5 Qe8 10. Re1 h6 11. Bc1 Nf6 12. Be3 Ng4 13. Bc1 Nf6 14. Be3 c6 15. h3
Nh5 16. c5 exd4 17. Nxd4 dxc5 18. Nb3 b6 19. Bxh5 gxh5 20. Qxh5 f5 21. Qh4 Qg6
22. Rad1 Kh7 23. e5 Nc7 24. Nc1 Nd5 25. Nd3 Be6 26. Nf4 Nxf4 27. Bxf4 Rg8 28.
Rd3 Bf8 (28... Bh8 29. Rg3 Qe8 30. Rxg8 Qxg8 31. g4 Qg6 32. Kh2 {given in the
bulletin but must be wrong - JS}) 29. Rg3 Qf7 30. Rxg8 Qxg8 31. g4 Qg6 32. Kh2
Bd5 33. Rg1 Re8 34. gxf5 Qxf5 35. Nxd5 cxd5 36. Qg3 Qf7 37. Bd2 Bg7 38. f4 d4
39. Qd3+ Kh8 40. Qg6 Qxg6 41. Rxg6 Kh7 42. Rc6 Bxe5 43. fxe5 Rxe5 44. Kg3 Re2
45. Bxh6 Rxb2 46. Bg5 Rxa2 47. h4 Ra1 48. h5 Rg1+ 49. Kh4 Rh1+ 50. Kg4 Rg1+ 51.
Kf5 Rf1+ 52. Bf4 d3 53. Rc7+ Kg8 54. Rd7 c4 55. h6 c3 56. Kg6 1-0

[Event "GBR-ch84"]
[Site "Hove"]
[Date "1997.08.06"]
[Round "3"]
[White "Crouch, Colin S"]
[Black "Gallagher, Joseph G"]
[Result "0-1"]
[WhiteElo "2375"]
[BlackElo "2525"]
[PlyCount "127"]
[EventDate "1997.08.04"]
[EventType "swiss"]
[EventRounds "11"]
[EventCountry "GBR"]
[SourceTitle "BritBase"]
[Source "John Saunders"]
[SourceDate "2024.07.04"]
[SourceVersion "1"]
[SourceVersionDate "2024.07.04"]
[SourceQuality "1"]

1. d4 Nf6 2. c4 g6 3. Nc3 Bg7 4. e4 d6 5. Bg5 h6 6. Bh4 g5 7. Bg3 c5 8. d5 Qa5
9. Qd2 Nh5 10. Nge2 Nd7 11. h4 Nb6 12. b3 Nxg3 13. fxg3 Nd7 14. Rc1 Rg8 15.
hxg5 hxg5 16. Nd1 Qxd2+ 17. Kxd2 Ne5 18. Nf2 Bd7 19. Nc3 O-O-O 20. Be2 Rh8 21.
Rcf1 a6 22. Ncd1 b5 23. Ne3 Kc7 24. Nd3 Rxh1 25. Rxh1 bxc4 26. Nxc4 Nxc4+ 27.
bxc4 f5 28. Rh8 Bf6 29. e5 dxe5 30. Nxc5 Bc8 31. g4 Kd6 32. Nb3 e4 33. gxf5
Bxf5 34. Rh1 Rb8 35. g4 Bg6 36. Rh6 Be8 37. Ke3 Ke5 38. Nc5 Rb2 39. Nxe4 Rxe2+
40. Kxe2 Kxe4 41. d6 Ke5 42. dxe7 Ke6 43. Rh3 a5 44. Re3+ Kf7 45. Kd3 a4 46. c5
Bb5+ 47. Ke4 Kxe7 48. Kd5+ Kd7 49. Rh3 Bc6+ 50. Kc4 Bd8 51. Kd4 Be7 52. Rh6 Bf3
53. Ra6 Bxg4 54. Rxa4 Bf3 55. Ke5 g4 56. Rc4 g3 57. Kf4 g2 58. Rc1 Bc6 59. Kg3
Bxc5 60. Kh2 Be3 61. Rd1+ Kc7 62. Rb1 Kd6 63. a4 Ke5 64. a5 {etc (ambiguous
score)} 0-1

[Event "GBR-ch84"]
[Site "Hove"]
[Date "1997.08.06"]
[Round "3"]
[White "Kosten, Anthony C"]
[Black "Sasikiran, Krishnan"]
[Result "1-0"]
[WhiteElo "2530"]
[BlackElo "2430"]
[PlyCount "79"]
[EventDate "1997.08.04"]
[EventType "swiss"]
[EventRounds "11"]
[EventCountry "GBR"]
[SourceTitle "BritBase"]
[Source "John Saunders"]
[SourceDate "2024.07.04"]
[SourceVersion "1"]
[SourceVersionDate "2024.07.04"]
[SourceQuality "1"]

1. c4 g6 2. Nc3 Bg7 3. g3 d6 4. Bg2 e5 5. e4 Nc6 6. Nge2 Nge7 7. O-O O-O 8. d3
f5 9. Be3 Be6 10. Nd5 Qd7 11. Qd2 Rae8 12. Rad1 Nc8 13. exf5 Bxf5 14. d4 Nb6
15. Nxb6 axb6 16. d5 Nd8 17. Nc3 Nf7 18. Ne4 Ra8 19. b3 Ra3 20. Nc3 Rfa8 21. f3
h5 22. Rf2 Qe7 23. Rdf1 Bd7 24. g4 Bf6 25. Qc2 Kg7 26. Bc1 R3a5 27. h3 Bh4 28.
Re2 Rh8 29. Ne4 b5 30. c5 b4 31. f4 hxg4 32. fxe5 dxe5 33. d6 cxd6 34. cxd6
Nxd6 35. Nxd6 Qxd6 36. Rd1 Qe7 37. Qc7 Bb5 38. Qxe7+ Bxe7 39. Rxe5 Bf6 40. Rc5
1-0

[Event "GBR-ch84"]
[Site "Hove"]
[Date "1997.08.06"]
[Round "3"]
[White "Parker, Jonathan F"]
[Black "Martin, Andrew D"]
[Result "0-1"]
[WhiteElo "2510"]
[BlackElo "2425"]
[PlyCount "60"]
[EventDate "1997.08.04"]
[EventType "swiss"]
[EventRounds "11"]
[EventCountry "GBR"]
[SourceTitle "BritBase"]
[Source "John Saunders"]
[SourceDate "2024.07.04"]
[SourceVersion "1"]
[SourceVersionDate "2024.07.04"]
[SourceQuality "1"]

1. d4 g6 2. c4 Bg7 3. e4 d6 4. Nc3 Nc6 5. d5 Nd4 6. Be3 c5 7. Nge2 Qb6 8. Nxd4
cxd4 9. Na4 Qa5+ 10. Bd2 Qc7 11. c5 Nf6 12. f3 O-O 13. Rc1 e6 14. Bb4 exd5 15.
cxd6 Qd8 16. e5 Re8 17. f4 Ne4 18. Qxd4 Qh4+ 19. g3 Nxg3 20. hxg3 Qxh1 21. Kf2
h5 22. Rc3 h4 23. Bg2 Qh2 24. gxh4 Qxh4+ 25. Ke3 Rxe5+ 26. fxe5 Bh6+ 27. Kd3
Bf5+ 28. Be4 Bxe4+ 29. Ke2 Bf3+ 30. Kd3 Be2+ 0-1

[Event "GBR-ch84"]
[Site "Hove"]
[Date "1997.08.06"]
[Round "3"]
[White "Arkell, Keith C"]
[Black "Turner, Matthew J"]
[Result "0-1"]
[WhiteElo "2480"]
[BlackElo "2445"]
[PlyCount "98"]
[EventDate "1997.08.04"]
[EventType "swiss"]
[EventRounds "11"]
[EventCountry "GBR"]
[SourceTitle "BritBase"]
[Source "John Saunders"]
[SourceDate "2024.07.04"]
[SourceVersion "1"]
[SourceVersionDate "2024.07.04"]
[SourceQuality "1"]

1. d4 g6 2. Nf3 d6 3. g3 Bg7 4. Bg2 Nd7 5. d5 Ngf6 6. c4 O-O 7. O-O c6 8. dxc6
bxc6 9. Nd4 Ne5 10. Nxc6 Nxc6 11. Bxc6 Rb8 12. Bg2 Bb7 13. Bxb7 Rxb7 14. Nd2
Qa5 15. a3 Qh5 16. Kg2 Rc8 17. e4 Qxd1 18. Rxd1 a5 19. e5 Ne8 20. exd6 Nxd6 21.
c5 Rxc5 22. Ne4 Rxc1 23. Raxc1 Nxe4 24. Rd8+ Bf8 25. Rcc8 Rxb2 26. Rxf8+ Kg7
27. Rg8+ Kf6 28. Rc6+ e6 29. Ra8 Nxf2 30. Kf3 Nd3 31. Ke4 Ne5 32. Rc1 Re2+ 33.
Kd4 Rd2+ 34. Ke4 Re2+ 35. Kd4 Rd2+ 36. Ke3 Rd5 37. Ke4 Kg5 38. Rc7 h5 39. a4
Kg4 40. Rb8 f5+ 41. Ke3 h4 42. Rb5 hxg3 43. Rxd5 f4+ 44. Ke2 exd5 45. hxg3 Kxg3
46. Kf1 g5 47. Re7 Nc4 48. Rf7 f3 49. Kg1 d4 0-1

[Event "GBR-ch84"]
[Site "Hove"]
[Date "1997.08.06"]
[Round "3"]
[White "Gormally, Daniel W"]
[Black "Bisby, Daniel L"]
[Result "1-0"]
[WhiteElo "2425"]
[BlackElo "2205"]
[PlyCount "99"]
[EventDate "1997.08.04"]
[EventType "swiss"]
[EventRounds "11"]
[EventCountry "GBR"]
[SourceTitle "BritBase"]
[Source "John Saunders"]
[SourceDate "2024.07.04"]
[SourceVersion "1"]
[SourceVersionDate "2024.07.04"]
[SourceQuality "1"]

1. d4 d5 2. c4 c6 3. Nc3 Nf6 4. Nf3 e6 5. Bg5 dxc4 6. e4 b5 7. e5 h6 8. Bh4 g5
9. Nxg5 hxg5 10. Bxg5 Nbd7 11. exf6 Qa5 12. g3 Ba6 13. Qf3 b4 14. Ne4 O-O-O 15.
Be2 Qd5 16. Be3 c5 17. Nxc5 Nxc5 18. dxc5 Bxc5 19. Qxd5 Rxd5 20. Rc1 Rhd8 21.
Bxc4 Bxc4 22. Rxc4 Rd1+ 23. Ke2 Rxh1 24. Bxc5 Kb7 25. Rxb4+ Kc6 26. Bxa7 Ra8
27. Bd4 Rxa2 28. h4 Raa1 29. Bc3 Rac1 30. Rc4+ Kd7 31. Rd4+ Kc6 32. Ra4 Rc2+
33. Kf3 Rf1 34. Bd4 e5 35. Be3 Rxb2 36. Ke4 Rb5 37. Ra7 Rb7 38. Rxb7 Kxb7 39.
h5 Kc6 40. Kxe5 Kd7 41. g4 Rh1 42. Kf5 Rh3 43. h6 Rf3+ 44. Bf4 Ra3 45. g5 Ra5+
46. Be5 Ra2 47. h7 Ra8 48. g6 fxg6+ 49. Kxg6 Ke6 50. f7 1-0

[Event "GBR-ch84"]
[Site "Hove"]
[Date "1997.08.06"]
[Round "3"]
[White "Hebden, Mark L"]
[Black "Bates, Richard A"]
[Result "1-0"]
[WhiteElo "2575"]
[BlackElo "2345"]
[PlyCount "61"]
[EventDate "1997.08.04"]
[EventType "swiss"]
[EventRounds "11"]
[EventCountry "GBR"]
[SourceTitle "BritBase"]
[Source "John Saunders"]
[SourceDate "2024.07.04"]
[SourceVersion "1"]
[SourceVersionDate "2024.07.04"]
[SourceQuality "1"]

1. d4 Nf6 2. Nf3 g6 3. Nc3 d5 4. Bf4 Bg7 5. e3 Bg4 6. Bd3 c6 7. Ne5 Bf5 8. Qd2
Nbd7 9. h4 h5 10. f3 Rc8 11. Be2 b5 12. Nd1 O-O 13. c3 Ne8 14. Nf2 Nd6 15. g4
hxg4 16. Nexg4 Bxg4 17. Nxg4 f5 18. Ne5 Nxe5 19. dxe5 Nc4 20. Bxc4 dxc4 21. Qg2
Qd5 22. Qxg6 Rcd8 23. Rg1 Qd2+ 24. Kf1 Qd3+ 25. Kg2 Rf7 26. Kh3 e6 27. Qxe6 Kf8
28. Rad1 Re8 29. Qxc6 Qe2 30. Qd6+ Kg8 31. Qd5 1-0

[Event "GBR-ch84"]
[Site "Hove"]
[Date "1997.08.06"]
[Round "3"]
[White "Hunt, Adam"]
[Black "Ferguson, Mark"]
[Result "0-1"]
[WhiteElo "2225"]
[BlackElo "2420"]
[PlyCount "68"]
[EventDate "1997.08.04"]
[EventType "swiss"]
[EventRounds "11"]
[EventCountry "GBR"]
[SourceTitle "BritBase"]
[Source "John Saunders"]
[SourceDate "2024.07.04"]
[SourceVersion "1"]
[SourceVersionDate "2024.07.04"]
[SourceQuality "1"]

1. e4 e5 2. Nf3 Nc6 3. Bb5 Nf6 4. O-O Nxe4 5. d4 Nd6 6. Bxc6 dxc6 7. dxe5 Nf5
8. Qxd8+ Kxd8 9. Rd1+ Ke8 10. c4 a5 11. Bf4 Be6 12. b3 h6 13. g4 Ne7 14. h3 Ng6
15. Bg3 a4 16. Nc3 Bb4 17. Ne4 h5 18. Nd4 hxg4 19. Nxe6 fxe6 20. hxg4 Ba3 21.
Rab1 axb3 22. Rxb3 b6 23. Ng5 Nf8 24. Ne4 Be7 25. c5 b5 26. Rd2 Ra4 27. f3 Nd7
28. Rc3 Rxe4 29. Rxd7 Kxd7 30. fxe4 Ra8 31. Rf3 Ke8 32. Bf2 Rxa2 33. g5 Bxg5
34. Rg3 Bh4 0-1

[Event "GBR-ch84"]
[Site "Hove"]
[Date "1997.08.06"]
[Round "3"]
[White "Lee, Graham D"]
[Black "Houska, Jovanka"]
[Result "1-0"]
[WhiteElo "2350"]
[BlackElo "2155"]
[PlyCount "87"]
[EventDate "1997.08.04"]
[EventType "swiss"]
[EventRounds "11"]
[EventCountry "GBR"]
[SourceTitle "BritBase"]
[Source "John Saunders"]
[SourceDate "2024.07.04"]
[SourceVersion "1"]
[SourceVersionDate "2024.07.04"]
[SourceQuality "1"]

1. e4 d5 2. exd5 Nf6 3. d4 Nxd5 4. Be2 g6 5. Nf3 Bg7 6. O-O O-O 7. c4 Nb6 8.
Nc3 Bg4 9. Be3 Nc6 10. d5 Bxf3 11. gxf3 Ne5 12. c5 Nc8 13. f4 Nd7 14. Bf3 Rb8
15. Qc2 b6 16. b4 Nf6 17. f5 Qd7 18. fxg6 fxg6 19. Rfe1 bxc5 20. Bxc5 Qh3 21.
Bg2 Qh4 22. Rac1 Nd6 23. Qd3 Nf5 24. Qh3 Qg5 25. a3 Rbd8 26. Rcd1 Rfe8 27. Bxa7
Ra8 28. Bc5 Rxa3 29. Ne4 Nxe4 30. Qxa3 Nc3 31. Qc1 Qg4 32. f3 Qc4 33. Bf1 Qb3
34. Rd3 Ra8 35. Qf4 Rf8 36. Qxc7 Nh4 37. Rxe7 Bf6 38. Rxh7 Qb1 39. Rxc3 Qe1 40.
Re3 Qd2 41. Rd3 Qe1 42. Bf2 Qxb4 43. Bxh4 Bd4+ 44. Bf2 1-0

[Event "GBR-ch84"]
[Site "Hove"]
[Date "1997.08.06"]
[Round "3"]
[White "McEwan, Ken B"]
[Black "Ledger, Andrew J"]
[Result "0-1"]
[WhiteElo "2210"]
[BlackElo "2415"]
[PlyCount "46"]
[EventDate "1997.08.04"]
[EventType "swiss"]
[EventRounds "11"]
[EventCountry "GBR"]
[SourceTitle "BritBase"]
[Source "John Saunders"]
[SourceDate "2024.07.04"]
[SourceVersion "1"]
[SourceVersionDate "2024.07.04"]
[SourceQuality "1"]

1. e4 c6 2. d4 d5 3. Nc3 dxe4 4. Nxe4 Nd7 5. Bd3 Ngf6 6. c3 Nxe4 7. Bxe4 Nf6 8.
Bc2 Bg4 9. Ne2 e6 10. Bf4 Bd6 11. Bg3 O-O 12. Qd2 Re8 13. O-O-O Bh5 14. f3 Bg6
15. Bxg6 hxg6 16. h4 a5 17. Bxd6 Qxd6 18. g4 Qd5 19. h5 gxh5 20. gxh5 a4 21.
Kb1 a3 22. b3 Qxf3 23. Rdf1 Ne4 0-1

[Event "GBR-ch84"]
[Site "Hove"]
[Date "1997.08.06"]
[Round "3"]
[White "Mestel, A Jonathan"]
[Black "Wall, Gavin"]
[Result "1-0"]
[WhiteElo "2500"]
[BlackElo "2330"]
[PlyCount "81"]
[EventDate "1997.08.04"]
[EventType "swiss"]
[EventRounds "11"]
[EventCountry "GBR"]
[SourceTitle "BritBase"]
[Source "John Saunders"]
[SourceDate "2024.07.04"]
[SourceVersion "1"]
[SourceVersionDate "2024.07.04"]
[SourceQuality "1"]

1. c4 f5 2. g3 Nf6 3. Bg2 g6 4. Nc3 Bg7 5. Nf3 O-O 6. d3 d6 7. O-O e5 8. Rb1 a5
9. a3 h6 10. b4 axb4 11. axb4 g5 12. Bb2 f4 13. b5 c6 14. bxc6 bxc6 15. c5 fxg3
16. hxg3 g4 17. Nh4 d5 18. Na4 Nfd7 19. e4 d4 20. Nf5 h5 21. f3 Qa5 22. Nb6
Nxb6 23. cxb6 Bxf5 24. Qb3+ Kh7 25. Ra1 Qd2 26. Bc1 Qxg2+ 27. Kxg2 Rxa1 28.
exf5 gxf3+ 29. Kf2 Rxf5 30. Rh1 e4 31. dxe4 Rc5 32. Qf7 Raxc1 33. Rxc1 Rxc1 34.
Qxh5+ Kg8 35. Qe8+ Kh7 36. Qh5+ Kg8 37. Qe8+ Kh7 38. Qxb8 d3 39. Qd6 Rb1 40.
Qxd3 Rxb6 41. e5+ 1-0

[Event "GBR-ch84"]
[Site "Hove"]
[Date "1997.08.06"]
[Round "3"]
[White "Palliser, Richard JD"]
[Black "Ward, Christopher G"]
[Result "1/2-1/2"]
[WhiteElo "2125"]
[BlackElo "2505"]
[PlyCount "53"]
[EventDate "1997.08.04"]
[EventType "swiss"]
[EventRounds "11"]
[EventCountry "GBR"]
[SourceTitle "BritBase"]
[Source "John Saunders"]
[SourceDate "2024.07.04"]
[SourceVersion "1"]
[SourceVersionDate "2024.07.04"]
[SourceQuality "1"]

1. d4 Nf6 2. c4 e6 3. Nc3 Bb4 4. e3 b6 5. Nge2 Ne4 6. Qc2 Bb7 7. Nf4 Qh4 8. Bd3
Bxc3+ 9. bxc3 f5 10. O-O O-O 11. f3 Ng5 12. Ba3 Re8 13. Ne2 Nc6 14. Ng3 Ne7 15.
f4 Nf7 16. Bxe7 Qxe7 17. e4 fxe4 18. Nxe4 h6 19. Ng3 Nd6 20. Rae1 Rf8 21. f5
Rae8 22. fxe6 Rxf1+ 23. Bxf1 dxe6 24. Qg6 Qf7 25. Bd3 Qxg6 26. Bxg6 Re7 27. Nf5
1/2-1/2

[Event "GBR-ch84"]
[Site "Hove"]
[Date "1997.08.06"]
[Round "3"]
[White "Rowson, Jonathan"]
[Black "Ledger, Stephen C"]
[Result "1-0"]
[WhiteElo "2490"]
[BlackElo "2230"]
[PlyCount "47"]
[EventDate "1997.08.04"]
[EventType "swiss"]
[EventRounds "11"]
[EventCountry "GBR"]
[SourceTitle "BritBase"]
[Source "John Saunders"]
[SourceDate "2024.07.04"]
[SourceVersion "1"]
[SourceVersionDate "2024.07.04"]
[SourceQuality "1"]

1. d4 Nf6 2. c4 c5 3. d5 b5 4. cxb5 a6 5. b6 e6 6. Nc3 Nxd5 7. Nxd5 exd5 8.
Qxd5 Nc6 9. Nf3 Rb8 10. Bd2 Be7 11. Bc3 O-O 12. e4 Rxb6 13. Bc4 Nb4 14. Qd2 d5
15. exd5 Bb7 16. O-O Qa8 17. Rad1 Rd8 18. Rfe1 Bf6 19. Bxb4 Rxb4 20. b3 a5 21.
Qe3 Qc8 22. d6 g6 23. d7 Qc6 24. Qe8+ 1-0

[Event "GBR-ch84"]
[Site "Hove"]
[Date "1997.08.06"]
[Round "3"]
[White "Thurlow, Kevin J"]
[Black "Sheldon, Ruth"]
[Result "1-0"]
[WhiteElo "2205"]
[BlackElo "2295"]
[PlyCount "89"]
[EventDate "1997.08.04"]
[EventType "swiss"]
[EventRounds "11"]
[EventCountry "GBR"]
[SourceTitle "BritBase"]
[Source "John Saunders"]
[SourceDate "2024.07.04"]
[SourceVersion "1"]
[SourceVersionDate "2024.07.04"]
[SourceQuality "1"]

1. c4 g6 2. Nc3 Bg7 3. d4 Nf6 4. g3 O-O 5. Bg2 d6 6. e3 Nc6 7. Nge2 e5 8. O-O
a5 9. b3 h5 10. h4 Bg4 11. d5 Ne7 12. f3 Bd7 13. e4 Qb8 14. Be3 c6 15. Rc1 cxd5
16. cxd5 b5 17. Qd2 Rc8 18. Kh2 Rc7 19. Rc2 Be8 20. Rfc1 Qb7 21. Nd1 Rxc2 22.
Rxc2 Nd7 23. Nb2 Bf6 24. Nd3 b4 25. Nb2 Rc8 26. Qc1 Rxc2 27. Qxc2 Nb6 28. Nc1
Nec8 29. Bf1 Kg7 30. Be2 Bd7 31. Nc4 Qc7 32. Qd2 Nxc4 33. Bxc4 Bd8 34. Nd3 Nb6
35. Nb2 Nc8 36. Be2 Na7 37. Nc4 Qb8 38. Nxd6 Bb6 39. Nc4 Bxe3 40. Qxe3 Nb5 41.
Qc5 Nc3 42. Bf1 a4 43. bxa4 Nxa2 44. Nb2 Nc3 45. a5 1-0

[Event "GBR-ch84"]
[Site "Hove"]
[Date "1997.08.06"]
[Round "3"]
[White "Vigus, James"]
[Black "Dearing, Eddie"]
[Result "1/2-1/2"]
[WhiteElo "2255"]
[BlackElo "2210"]
[PlyCount "44"]
[EventDate "1997.08.04"]
[EventType "swiss"]
[EventRounds "11"]
[EventCountry "GBR"]
[SourceTitle "BritBase"]
[Source "John Saunders"]
[SourceDate "2024.07.04"]
[SourceVersion "1"]
[SourceVersionDate "2024.07.04"]
[SourceQuality "1"]

1. d4 d5 2. c4 e6 3. Nc3 c6 4. Nf3 dxc4 5. e3 b5 6. a4 Bb4 7. Bd2 a5 8. axb5
Bxc3 9. Bxc3 cxb5 10. b3 Bb7 11. d5 Nf6 12. bxc4 b4 13. Bxf6 Qxf6 14. Qa4+ Nd7
15. Nd4 e5 16. Nb3 Ke7 17. Be2 Rhc8 18. Bg4 Qd6 19. Nxa5 Rxa5 20. Qxa5 Ra8 21.
Qxa8 Bxa8 22. Bxd7 Bxd5 1/2-1/2

[Event "GBR-ch84"]
[Site "Hove"]
[Date "1997.08.06"]
[Round "3"]
[White "Walker, David John"]
[Black "McDonald, Neil R"]
[Result "0-1"]
[WhiteElo "2290"]
[BlackElo "2490"]
[PlyCount "64"]
[EventDate "1997.08.04"]
[EventType "swiss"]
[EventRounds "11"]
[EventCountry "GBR"]
[SourceTitle "BritBase"]
[Source "John Saunders"]
[SourceDate "2024.07.04"]
[SourceVersion "1"]
[SourceVersionDate "2024.07.04"]
[SourceQuality "1"]

1. d4 f5 2. Bg5 g6 3. Nc3 d5 4. Nf3 Bg7 5. h4 c6 6. Qd2 Be6 7. Bf4 Nd7 8. g4
fxg4 9. Ng5 Bf5 10. e4 dxe4 11. Bc4 Nb6 12. Bf7+ Kf8 13. O-O-O Nf6 14. Ne6+
Bxe6 15. Bxe6 Nbd5 16. h5 Nxf4 17. Qxf4 Qd6 18. Qxd6 Bh6+ 19. Kb1 exd6 20. hxg6
hxg6 21. d5 Re8 22. Rhe1 Bf4 23. a3 Rh2 24. Nxe4 Nxe4 25. Rxe4 Rxf2 26. Rh1 g3
27. Rh8+ Ke7 28. Bh3+ Be5 29. Rh7+ Kf6 30. dxc6 bxc6 31. Bd7 g2 32. Rg4 Rb8 0-1

[Event "GBR-ch84"]
[Site "Hove"]
[Date "1997.08.07"]
[Round "4"]
[White "Martin, Andrew D"]
[Black "Kosten, Anthony C"]
[Result "1/2-1/2"]
[WhiteElo "2425"]
[BlackElo "2530"]
[PlyCount "39"]
[EventDate "1997.08.04"]
[EventType "swiss"]
[EventRounds "11"]
[EventCountry "GBR"]
[SourceTitle "BritBase"]
[Source "John Saunders"]
[SourceDate "2024.07.04"]
[SourceVersion "1"]
[SourceVersionDate "2024.07.04"]
[SourceQuality "1"]

1. Nc3 c5 2. Nf3 Nc6 3. d4 cxd4 4. Nxd4 d6 5. g3 Nf6 6. Bg2 Bd7 7. O-O g6 8. e4
Bg7 9. Nde2 O-O 10. h3 Rc8 11. Nd5 Nxd5 12. exd5 Ne5 13. Nd4 Qb6 14. c3 Rfe8
15. Re1 Qa6 16. Bf1 Qa5 17. Bg2 Qa6 18. a4 Qa5 19. Nb3 Qc7 20. Nd4 1/2-1/2

[Event "GBR-ch84"]
[Site "Hove"]
[Date "1997.08.07"]
[Round "4"]
[White "Turner, Matthew J"]
[Black "Hebden, Mark L"]
[Result "1/2-1/2"]
[WhiteElo "2445"]
[BlackElo "2575"]
[PlyCount "73"]
[EventDate "1997.08.04"]
[EventType "swiss"]
[EventRounds "11"]
[EventCountry "GBR"]
[SourceTitle "BritBase"]
[Source "John Saunders"]
[SourceDate "2024.07.04"]
[SourceVersion "1"]
[SourceVersionDate "2024.07.04"]
[SourceQuality "1"]

1. e4 e5 2. Nf3 Nc6 3. Bc4 Nf6 4. d3 Be7 5. c3 O-O 6. O-O d6 7. Bb3 Na5 8. Bc2
c5 9. Nbd2 Be6 10. Re1 Qc7 11. Nf1 Rad8 12. Ng3 Nc6 13. Qe2 Kh8 14. h3 h6 15.
Nh4 Nh7 16. Nhf5 Bg5 17. Bxg5 hxg5 18. Ne3 g6 19. Bb3 Bc8 20. Nd5 Qd7 21. Rad1
f6 22. f3 Qg7 23. Qe3 f5 24. Ne2 Rde8 25. a3 Be6 26. Bc4 g4 27. hxg4 fxg4 28.
fxg4 Bxg4 29. Rf1 Nd8 30. Rxf8+ Rxf8 31. Rf1 Ne6 32. Ng3 Nhg5 33. Rxf8+ Qxf8
34. Qf2 Nf4 35. Nxf4 Qxf4 36. Nf1 Kg7 37. Ne3 1/2-1/2

[Event "GBR-ch84"]
[Site "Hove"]
[Date "1997.08.07"]
[Round "4"]
[White "Ansell, Simon T"]
[Black "Mestel, A Jonathan"]
[Result "1-0"]
[WhiteElo "2390"]
[BlackElo "2500"]
[PlyCount "89"]
[EventDate "1997.08.04"]
[EventType "swiss"]
[EventRounds "11"]
[EventCountry "GBR"]
[SourceTitle "BritBase"]
[Source "John Saunders"]
[SourceDate "2024.07.04"]
[SourceVersion "1"]
[SourceVersionDate "2024.07.04"]
[SourceQuality "1"]

1. e4 c5 2. Nf3 d6 3. Bb5+ Nd7 4. d4 Ngf6 5. Nc3 a6 6. Bxd7+ Nxd7 7. Bg5 h6 8.
Bh4 g6 9. dxc5 Nxc5 10. e5 Bg7 11. exd6 Qxd6 12. Qxd6 exd6 13. O-O-O Be6 14.
Nd4 d5 15. Rhe1 g5 16. Bg3 O-O-O 17. b4 Nd7 18. Nxd5 Bxd5 19. Nf5 Nb6 20. Ne7+
Kd7 21. Nxd5 Kc6 22. Nxb6 Rxd1+ 23. Rxd1 Kxb6 24. c4 Rc8 25. Rd6+ Ka7 26. c5 a5
27. a3 axb4 28. axb4 f5 29. f3 Bc3 30. Rb6 Rc6 31. Kc2 Bd4 32. Rxc6 bxc6 33.
Kd3 Bb2 34. h4 Ka6 35. h5 Kb5 36. Be1 g4 37. Bd2 gxf3 38. gxf3 Bg7 39. Bc3 Bf8
40. f4 Ka6 41. Kc4 Kb7 42. Bf6 Ka6 43. Be5 Ka7 44. b5 Kb7 45. Kb4 1-0

[Event "GBR-ch84"]
[Site "Hove"]
[Date "1997.08.07"]
[Round "4"]
[White "Buckley, Graeme N"]
[Black "Roktim, Bandyo"]
[Result "1-0"]
[WhiteElo "2380"]
[BlackElo "2275"]
[PlyCount "41"]
[EventDate "1997.08.04"]
[EventType "swiss"]
[EventRounds "11"]
[EventCountry "GBR"]
[SourceTitle "BritBase"]
[Source "John Saunders"]
[SourceDate "2024.07.04"]
[SourceVersion "1"]
[SourceVersionDate "2024.07.04"]
[SourceQuality "1"]

1. d4 Nf6 2. c4 e6 3. Nc3 Bb4 4. e3 c5 5. Bd3 Nc6 6. Nge2 cxd4 7. exd4 d5 8.
cxd5 Nxd5 9. O-O O-O 10. a3 Be7 11. Bb1 Nf6 12. Qd3 g6 13. Ba2 b6 14. Bh6 Re8
15. Rad1 Bb7 16. Rfe1 Kh8 17. Qh3 Nd5 18. Nxd5 exd5 19. Qf3 Bf6 20. Bxd5 Nxd4
21. Nxd4 1-0